| 000 | 00615nam a2200241Ia 4500 | ||
|---|---|---|---|
| 003 | OSt | ||
| 005 | 20220918201920.0 | ||
| 006 | a|||||r|||| 00| 0 | ||
| 007 | ta | ||
| 008 | 220917b |||||||| |||| 00| 0 eng d | ||
| 024 | _a97,452 | ||
| 037 | _cTextual | ||
| 040 |
_aARTS _cARTS _beng |
||
| 041 |
_2eng _aeng |
||
| 082 | _aV2:1:M5, H71;L0 | ||
| 100 |
_aSavarkar Vinayak Damodar _9101313 |
||
| 245 | 0 | _aIndian war of independence, 1857 | |
| 250 | _a8th | ||
| 260 | _c1970 | ||
| 650 | _aHISTORY | ||
| 942 |
_hV2:1:M5, H71;L0 _cTEXL _2CC |
||
| 999 |
_c221047 _d221047 |
||